30 cidades mais populosas da Polônia - Statistics

Estatísticas Gerais
  • Esse quiz foi jogado 10 vezes
  • A pontuação média é 15 de 30
Estatísticas das Respostas
# População Letra Cidade % Correto
2 807.644 C Cracóvia
100%
6 487.834 G Gdansk
100%
1 1.862.402 V Varsóvia
100%
4 648.711 L Lodz
86%
8 328.868 L Lublin
71%
3 673.531 B Breslávia
57%
11 286.960 K Katowice
57%
5 536.818 P Poznan
57%
10 290.907 B Bialystok
43%
9 324.984 B Bydgoszcz
43%
23 161.139 B Bytom
43%
13 214.342 C Czestochowa
43%
27 127.390 E Elblag
43%
7 387.700 E Estetino
43%
12 243.918 G Gdynia
43%
19 175.102 G Gliwice
43%
18 191.448 K Kielce
43%
20 169.793 O Olsztyn
43%
28 126.458 O Opole
43%
14 206.946 R Radom
43%
15 198.609 R Rzeszow
43%
17 194.818 S Sosnowiec
43%
16 196.935 T Torun
43%
21 168.946 Z Zabrze
43%
24 140.403 Z Zielona Gora
43%
22 168.319 B Bielsko-Biala
29%
30 120.087 G Gorzow Wielkopolski
29%
25 135.994 R Rybnik
29%
29 125.781 T Tychy
29%
26 135.008 R Ruda Slaska
14%
Nenhum quiz correspondente encontrado
Distribuição das Pontuações
Porcentagem de Pessoas com Cada Pontuação
Percentil de Números Respondidos
Sua Pontuação Histórica
Você não jogou esse quiz